000 00290cam a22000977a 4500
008 180718b1961 xxu||||| |||| 00| 0 eng d
082 _aXA46x41 Un3
245 _aRight honourable the secretary of state for Scotland
260 _aGlasgow
_bHer Majesty's Stationery Office
_c1961
300 _a21p.
999 _c427823
_d427823